| 000 | 00473nam a2200193Ia 4500 | ||
|---|---|---|---|
| 003 | OSt | ||
| 005 | 20251223113803.0 | ||
| 008 | 220923b |||||||| |||| 00| 0 ben d | ||
| 037 | _cTB | ||
| 040 |
_aARTS _cARTS _bben |
||
| 041 |
_2ben _aben |
||
| 084 |
_aAw 157K8 _qAL |
||
| 100 |
_aGuha _9209305 |
||
| 245 | 0 | _aJnaner alo jallo jara | |
| 260 | _c1968 | ||
| 650 |
_aSCIENCE _9858926 |
||
| 942 |
_hAw:M5, 157K8 _cTB _2CC _n0 |
||
| 999 |
_c438680 _d438680 |
||